Dragon Ball - Personnages (A-Z) (1) - Statistiques

Statistiques générales
  • Ce quiz a été pris 766 fois
  • Le résultat moyen est 21 sur 26
Statistiques - réponses
Par images Réponse % Correct
Cell
99%
Freezer
98%
Krilin
97%
Piccolo
95%
Trunks
94%
Babidi
93%
Yamcha
92%
Raditz
90%
Jiren
88%
Nappa
88%
Pan
88%
Whis
88%
Dendé
86%
Hit
85%
Videl
81%
Son Gohan
80%
Yajirobé
80%
Ginyu
79%
Toppo
77%
Mr. Satan
76%
Oolong
75%
Zamasu
75%
Janemba
71%
Enma
61%
Li Shenron
50%
Agnilasa
17%
Aucun quiz correspondant
Distribution des résultats
% des personnes avec chaque résultat
Percentile par nombre de réponses
Votre historique - résultats
Vous n’avez pas pris ce quiz